1426 1858 1969 1271 1483 1123 1966 1122 1538 1020 1422 1022 1746 1968 1346 1056 1309 1184 1919 1157 1192 1138 1904 1150 1543 1400 1963 1941 1192 1474 1838 1311 1445 1426 1952 1766 1864 1301 1166 1208 1622 1674 1031 1293 1521 1762 1298 1506 1569 1106 1515 1664 1778 1146 1417 1653 1963 1625 1941 1217 1685 1821 1051 1725 1259 1140 1705 1153 1770 1426 1654 1226 1404 1610 1768 1806 1806 1435 1953 1478 1992 1986 1423 1178 1438 1379 1683 1708 1455 1431 1145 1676 1863 1809 1270 1027 1906 1959 1152 BCNSPRNW ULIB Ver.6.0+V

เปลี่ยนเป็นภาษาไทย

Change to English
 แสดงรายละเอียดบรรณานุกรม
  กลับหน้าหลัก

Brief Record : Get Marc (ISO 2709) : E-mail record : QR code < ปิดหน้าต่าง
LEADER : 00000nam 2200000uu 4500
001    13399111690
003     ULIB
008    110706s2553||||th 000 0 tha d
020    9789744752888
090    นว.^bป111ส
100 0  ป.ศิลา
245 00 สะดุดรักกลางใจ /^cป.ศิลา
260    กรุงเทพฯ :^bPrincess,^c2553
300    416 หน้า
945    ^p250^l0^i18283
995     เกษร
999    ^aใช้งานได้ทุกระบบ
รายการนี้ยังไม่มีแท็ก
คุณยังไม่ได้ล็อกอิน คุณสามารถมีกิจกรรมร่วมกับเว็บไซต์ได้ แต่ต้องล็อกอินก่อน ::
  ล็อกอิน

รายการสื่อสารสนเทศ

ลำดับที่ ประเภท เลขเรียก/บาร์โค้ด สถานที่ สถานะ
1. นวนิยาย
นวนิยาย
นว. ป111ส  
  Barcode: 18283
ห้องสมุดวิทยาเขตสวรรค์ประชารักษ์
►นวนิยาย
บนชั้น
  ขอยืม

รายการใกล้เคียง
    ผู้แต่ง [ป.ศิลา]

BibComment


ยังไม่เคยถูกคอมเมนท์

คอมเมนท์ทรัพยากรรายการนี้
  คอมเมนท์: สะดุดรักกลางใจ ป..


 Copyright 2026. Bcnsprnw @Library